Autismo infantil: estudios sobre la afectividad y las emociones

Guardat en:
Dades bibliogràfiques
Autor principal: Zappella, Michele (Autor)
Format: Llibre
Idioma:espanyol
Publicat: Ciudad de México Fondo de Cultura Económica 1998
Col·lecció:Biblioteca de Psicología, Psiquiatría y Psicoanálisis
Matèries:
Etiquetes: Afegir etiqueta
Sense etiquetes, Sigues el primer a etiquetar aquest registre!

MARC

LEADER 00000nam a2200000 a 4500
001 UCP2733
003 CL-VaPUC
008 990528e19980000MX |||||||||||||||||spa|d
082 0 4 |a 616.898  |b ZAP  |2 21 
100 0 |a Zappella, Michele  |e author  |9 429674 
245 1 0 |a Autismo infantil: estudios sobre la afectividad y las emociones 
300 |a 275 p 
942 |c BK 
945 |d 19990528 00:00:00  |a rbrito 
260 |a Ciudad de México  |b Fondo de Cultura Económica  |c 1998 
650 0 |a Autismo  |9 307911 
650 7 |a SINDROME DE ASPERGER  |2 CL-VaPUC  |9 429675 
650 0 |a Epilepsia  |9 334738 
650 0 |a Retraso mental   |9 369247 
650 7 |a ETOLOGIA  |2 CL-VaPUC  |9 269657 
650 7 |a PSICOTERAPIA  |2 CL-VaPUC  |9 429676 
650 0 |a Terapia  |9 334442 
583 |a last modification  |c 19990528 00:00:00  |k Rodrigo Vera 
490 0 |a Biblioteca de Psicología, Psiquiatría y Psicoanálisis 
999 |c 281217  |d 281215 
952 |0 0  |1 0  |4 0  |6 616_898000000000000_ZAP_1998  |7 0  |8 A  |9 321897  |a BIBEDU  |b BIBEDU  |d 2019-11-20  |i 3523187  |l 1  |o 616.898 ZAP 1998  |p 3523187  |r 2022-08-26  |s 2022-08-19  |w 2019-11-20  |y BK  |k PSI